00000000nam##2200000za#4500
0019.575049
003CaOODSP
00520210624184458
007cr |||||||||||
008150406|2004||||xxc|||||o    f|0| 0 eng|d
022 |a1488-5379
040 |aCaOODSP|beng
043 |an-cn---
0861 |aFs97-6/2525E-PDF
1101 |aCanada. |bDepartment of Fisheries and Oceans.
24512|aA numeric scoring matrix for use in the rapid assessment of extinction vulnerability of marine fish species in the NAFO regions 4VWX,5Zc / |h[electronic resource]|cby T.L. Johnston and R.K. Smedbol.
260 |aSt. Andrews - New Brunswick : |bFisheries and Oceans Canada |cc2004.
300 |a89p.|breferences
4901 |aCanadian technical report of fisheries and aquatic sciences|x1488-5379|vNo. 2525
500 |aThe ISSN for the print edition appears in this electronic version.
590 |a12-37-Supp|b2012-09-24
7201 |aJohnston, T. L.
7201 |aSmedbol, R. K.
830#0|aCanadian technical report of fisheries and aquatic sciences,|x1488-5379|vNo. 2525|w(CaOODSP)9.504449
85640|ahttp://publications.gc.ca|qPDF|s23,799 KB|uhttps://publications.gc.ca/collections/collection_2012/mpo-dfo/Fs97-6-2525-eng.pdf|yNo. 2525